| 000 | 00442nam a22001457a 4500 | ||
|---|---|---|---|
| 082 | _aCP-73 | ||
| 100 |
_aShahaid Hussain, Xen _951386 |
||
| 245 |
_aQuantity surveying & Cost Estimation _bCourse Pack CP-372 _cShahaid Hussain, Xen |
||
| 250 | _aFall semester 2014 | ||
| 260 |
_aRisalpur, _bMCE, _c2014. |
||
| 300 | _adifferent pages | ||
| 526 |
_a0 _b0 _c0 _dCP_73 |
||
| 650 |
_aQuantity surveying & Cost Estimation _951387 |
||
| 942 |
_2ddc _cBKB |
||
| 999 |
_c554088 _d554088 |
||